000 00598nam a2200229Ia 4500
003 OSt
005 20220918180727.0
006 a|||||r|||| 00| 0
007 ta
008 220917b |||||||| |||| 00| 0 eng d
024 _a23,787
037 _cTextual
040 _aARTS
_cARTS
_beng
041 _2eng
_aeng
082 _aO:90(R5), L3
100 _aByam Max l.
_956929
245 0 _aHistory of literary aesthetics in America
260 _c1973
650 _aENGLISH LITERATURE; AESTHETICS
_956930
942 _hO:90(R5), L3
_cTEXL
_2CC
999 _c162818
_d162818